000 00570nam a2200205Ia 4500
005 20250923145022.0
008 008 250917s9999 xx 000 0 eng d
037 _aTextual
040 _aDSWL
_beng
_cDSWL
041 _aeng
_2eng
084 _aY1L45:62.3.N5, K1
_qDSWL
100 _aHoward, D.L.
_9830925
245 4 _aThe Engli Prisons
_cby D.L. Howard
260 _aLondon
_bMethuen & Co Ltd
_c1960
300 _ax,326 p.
365 _aINR
_b21
925 _g21
942 _cTEXL
_hY1L45:62.3.N5, K1
999 _c1446117
_d1446117